| 000 | 04501cam a22006135i 4500 | ||
|---|---|---|---|
| 001 | data | ||
| 005 | 20260322212117.0 | ||
| 006 | data | ||
| 007 | data | ||
| 008 | data | ||
| 035 | _a21676576 | ||
| 906 |
_a0 _bibc _corigres _du _encip _f20 _gy-gencatlg |
||
| 925 | 0 |
_aacquire _epcnspringer _xpolicy default |
|
| 010 | _a 2019744491 | ||
| 020 | _a9783319968391 | ||
| 024 | 7 |
_a10.1007/978-3-319-96839-1 _2doi |
|
| 035 | _a(DE-He213)978-3-319-96839-1 | ||
| 040 |
_aDLC _beng _erda _erda _cDLC |
||
| 072 | 7 |
_aHBG _2bicssc |
|
| 072 | 7 |
_aHIS037000 _2bisacsh |
|
| 072 | 7 |
_aNHB _2thema |
|
| 082 | 0 | 4 |
_a909 _223 |
| 097 | 0 | 0 | _aD17-24.5 |
| 245 | 0 | 0 |
_aKnowledge and the Indian Ocean : _bIntangible Networks of Western India and Beyond / _cedited by Sara Keller. |
| 250 | _a1st ed. 2019. | ||
| 264 | 1 |
_aCham : _bImprint: Palgrave Macmillan, _bImprint: Palgrave Macmillan, _c2019. |
|
| 300 | _a1 online resource (XLI, 266 pages 25 illustrations, 23 illustrations in color.) | ||
| 336 |
_atext _btxt _2rdacontent |
||
| 337 |
_acomputer _bc _2rdamedia |
||
| 338 |
_aonline resource _bcr _2rdacarrier |
||
| 347 |
_atext file _bPDF _2rda |
||
| 490 | 1 | _aPalgrave Series in Indian Ocean World Studies | |
| 505 | 0 | _a1. Introduction -- I. Knowledge, Science and Techniques -- 2. Places We Can Go: Some notes on sea/knowledge -- 3. Knowing the Sea: Thalassographies to Thalassology of the Indian Ocean (up to c. 1500 CE) -- 4. A Chinese Muse in the Caliph's Court - The Influence of Chinese Ceramic Technology across the Indian Ocean (8th to 14th Century CE) -- 5. Ava: A Living Tradition of Reverence for Water among the Zoroastrians -- 6. Scholars in Gujarat's Bazaars-Revisiting L'académie ambulante ("The Roving Academy") -- 7. Gujarat Ornamental Furniture: Artisans, Techniques, Skills and Global Markets during the Nineteenth Century -- 8. 'Without a Counterpart on the Globe": Geographical Knowledge and the Mapping of "Kutch" in the Nineteenth Century -- II. Skill, Migration and Identities -- 9. Gujarat Sufis, "Sants" and the Indian Ocean World in Medieval Times -- 10. Doing Well but also Doing Good? East African Indian Merchants and Their Charitable Work, c. 1850-1920 -- 11. Narratives of Transcendental Decision-Making: Seeking Health and Healing at Sufi Shrines in Gujarat -- 12. Voices of the Sidis: The Tradition of the Fakirs -- 13. Linguistic and Cultural Contributions of Gujarat in Eastern Africa -- 14. The Transnational Life and Political Philosophy of Shyamji Krishnavarma. | |
| 520 | _aThis volume examines Western India's contributions to the spread of ideas, beliefs and other intangible ties across the Indian Ocean world. The region, particularly Gujarat and Bombay, is well-established in the Indian imaginary and in scholarship as a mercantile hub. These essays move beyond this identity to examine the region as a dynamic place of learning and a host of knowledge, tracing the flow of knowledge, aesthetic sensibilities, values, memories and genetic programs. Contributors traverse the fields of history, anthropology, agriculture, botany, medicine, sociology and more to offer path-breaking perspectives on Western India's deep socio-cultural impact across the centuries. Western India emerges as a pivotal region in the maritime world as a transmitter of knowledge. | ||
| 588 | _aDescription based on publisher-supplied MARC data. | ||
| 650 | 0 | _aAfrica-History. | |
| 650 | 0 | _aAsia-History. | |
| 650 | 0 | _aCivilization-History. | |
| 650 | 0 | _aSocial history. | |
| 650 | 0 | _aWorld history. | |
| 650 | 1 | 4 |
_aWorld History, Global and Transnational History. _0https://scigraph.springernature.com/ontologies/product-market-codes/719000 |
| 650 | 2 | 4 |
_aAfrican History. _0https://scigraph.springernature.com/ontologies/product-market-codes/714000 |
| 650 | 2 | 4 |
_aAsian History. _0https://scigraph.springernature.com/ontologies/product-market-codes/715000 |
| 650 | 2 | 4 |
_aCultural History. _0https://scigraph.springernature.com/ontologies/product-market-codes/723000 |
| 650 | 2 | 4 |
_aSocial History. _0https://scigraph.springernature.com/ontologies/product-market-codes/724000 |
| 700 | 1 |
_aKeller, Sara. _eeditor. |
|
| 776 | 0 | 8 |
_iPrint version: _tKnowledge and the Indian Ocean. _z9783319968384 _w(DLC) 2018949832 |
| 776 | 0 | 8 |
_iPrinted edition: _z9783030072605 |
| 776 | 0 | 8 |
_iPrinted edition: _z9783319968384 |
| 776 | 0 | 8 |
_iPrinted edition: _z9783319968407 |
| 830 | 0 | _aPalgrave Series in Indian Ocean World Studies | |
| 985 | _aspringerpcn | ||
| 991 |
_as-Online _hElectronic Resource |
||
| 999 |
_c1783 _d1783 |
||